Регионална библиотека "Любен Каравелов" - Русе

KRITISCHES Lexikon zur deutschsprachigen Gegenwartsliteratur (Запис номер 49513)

MARC детайли
000 -Лидер
Контролно поле с фиксирана дължина 00719nam a2200265 c 4500
003 - Код на организацията, давaща контролен номер
Контролно поле BLK
005 - Дата и час на последна редакция
Контролно поле 20240517093751.0
008 - Елементи от данни с фиксирана дължина
fixed length control field 180408b bul|||||r ||||||| ||bul||
010 ## - Наследен системен номер
LC control number KNG00053368000
040 ## - Източник на каталожния запис
Идентификатор на билиотеката - собственик на записа BLK
041 ## - Код за език
Код за езика на текст/звукозапис или на отделно заглавие Немски
Код за езика КДБФ Немски
139 ## - Редно поле
Редна дума KRITISCHES Lexikon zur deutschsprachigen Gegenwartsliteratur
245 10 - Сведения за заглавието
Заглавие KRITISCHES Lexikon zur deutschsprachigen Gegenwartsliteratur
Подзаглавни данни Bd. 1-9
Том Bd. 3
260 ## - Област на издателските данни
Име на издателя, разпространителя и проч. Text+Kritik
Година на издаване 1995
300 ## - Физическа характеристика
Размери/Мащаб 21 cm
380 ## - Жанр
Жанр Литературознание
760 1# - Описание на основната серия
Страници - том [1058] c
Заглавие Bd. 3
852 ## - Местоположение
Форматна сигнатура ЦБ 187719
856 4# - Електронен адрес и достъп
Електронен формат pdf - файл
856 4# - Електронен адрес и достъп
Електронен формат pdf - файл
942 ## - АРТИКУЛИ
Вид на библиотечния материал Книги
Скрит в OPAC Не
944 ## - СЪЗДАВАНЕ И РЕДАКЦИЯ на ЗАПИСА
Създаване/Редакция Създаване
Дата на регистрацията/редакция 01.01.1999
Служител, извършил регистрацията/редакцията 30556
Статус, дата на статуса Теодора Пейчева-Дянкова
944 ## - СЪЗДАВАНЕ И РЕДАКЦИЯ на ЗАПИСА
Създаване/Редакция Редакция
Дата на регистрацията/редакция 13.02.2017
Служител, извършил регистрацията/редакцията Лили_Борисова
999 ## - СИСТЕМНИ КОНТРОЛНИ НОМЕРА
Koha biblionumber 49513
Koha biblioitemnumber 49513
999 ## - СИСТЕМНИ КОНТРОЛНИ НОМЕРА
Koha biblioitemnumber 49513
Наличности
Код за отписване Код за изгубен артикул Източник на класификационната схема Код за повреда Коз за рестрикции Код за отдаване Артикулен № Име на библиотеката - собственик Име на библиотеката, в която се намира в момента Статус (Текущо местоположение) Дата на вписване в системата Местоположение - отдел Цена в лева Инвентарен номер Систематично азбучна сигнатура Баркод Номер на екземпляра Цена в евро Служебна бележка Служебен тип на артикула
  Не е изгубен Universal Decimal Classification Не е повреден само за читалня ползва се в читалня 77483 Регионална библиотека "Любен Каравелов" Русе Регионална библиотека "Любен Каравелов" Русе Читалня 5 - справочен фонд 2002-01-01 Читалня 5 - справочен фонд 10.00 120000907829 C5 820/899/K 83 120000907829 1 5.11 Дост: Da Дата: 01.01.1995 Книги
Vip Innovations Ltd, Rousse, Bulgaria 2025